| 000 | 00657nam a2200229Ia 4500 | ||
|---|---|---|---|
| 003 | OSt | ||
| 005 | 20220819094239.0 | ||
| 008 | 220819b |||||||| |||| 00| 0 eng d | ||
| 020 | _a184014 8519 | ||
| 040 | _cIFM Library | ||
| 082 | _a361 | ||
| 100 |
_aPeter Flora, Philip R. De Jong, Julian Le Gand, Jun-Young Kim(Editors) _91270 |
||
| 245 | _aThe State of Social Welfare, 1997 | ||
| 260 |
_aAldershot: _bAshgate _c1998 |
||
| 260 | _bAshgate | ||
| 260 | _c1998 | ||
| 300 |
_axiv, 368 p. _b ill. ; 22 cm. |
||
| 490 | _aVol.4 | ||
| 500 | _aIncludes Bibliographical References | ||
| 650 |
_aSocial Service Public Welfare _91257 |
||
| 942 |
_cBK _2ddc _n0 |
||
| 999 |
_c6998 _d6998 |
||